000 00679nam a2200277Ia 4500
005 20260324124059.0
008 008 260324s9999 xx 000 0 eng d
020 _a9780429251214
037 _aEBOOK
040 _aCRL
040 _beng
040 _cCRL
041 _2eng
041 _aeng
084 _qCRL
100 _aJr. Robert P.; Robert F. Kilfeather
_91172762
245 0 _aManaging and Coordinating Major Criminal Investigations
260 _bTaylor and Francis
260 _c2011
365 _a
365 _b300
856 _uhttp://www.taylorfrancis.com/books/9780429251214
942 _cEBOOK
999 _c1766863
_d1766863